000 00314 a2200109 4500
001 ART_50820
005 20260410161955.0
008 260409a
245 1 0 _aUnión transitoria
100 1 _aArduino, Augusto H.L.
773 0 _tTemas de derecho comercial
_g- Año 6, N° 5 (mayo 2020)
_wREV28151
999 _c30761
_d30761